Dossier : 7è Consell General de la Xarxa Local SAD : VII Informe de Gestió 2008 7è Consell General de la Xarxa Local SAD :
Publicado:
Barcelona :
Diputació de Barcelona. Àrea de Benestar Social. Oficina de Suport Tècnic als Serveis Socials ,
2009
Descripción Física:
37 p. : il. col. gràfics, quadres, taules ; 29 cm
MARC
| LEADER | 00000nam a2200000Ia 4500 | ||
|---|---|---|---|
| 001 | 23872 | ||
| 008 | 160829s2009 xx 000 0 cat d | ||
| 080 | |a FU-63-1 | ||
| 245 | |a Dossier : |b 7è Consell General de la Xarxa Local SAD : |b VII Informe de Gestió 2008 | ||
| 260 | |a Barcelona : |b Diputació de Barcelona. Àrea de Benestar Social. Oficina de Suport Tècnic als Serveis Socials, |c 2009 | ||
| 300 | |a 37 p. : |b il. col. gràfics, quadres, taules ; |c 29 cm | ||
| 590 | |a Títol extret de la coberta | ||
| 650 | 0 | |a Atenció domiciliària |z Barcelona (Catalunya : Província) |9 43156 | |
| 710 | 1 | |a Barcelona (Catalunya : Província). |b Xarxa Local de Serveis Socials d'Atenció Domiciliària |9 52962 | |
| 710 | 1 | |a Barcelona (Catalunya : Província). |b Oficina de Suport Tècnic als Serveis Socials |9 54082 | |
| 901 | |a Arxiu | ||
| 942 | |n 1 | ||
| 952 | |0 0 |1 0 |4 0 |6 FU631 |7 1 |9 55213 |a Arxiu |b Arxiu |d 2016-12-01 |l 0 |o FU-63-1 |p 23872 |r 2016-12-01 00:00:00 |w 2016-12-01 |y ARXIU | ||
| 999 | |c 59085 |d 59085 | ||